| 000 | 00705nam a2200205 a 4500 | ||
|---|---|---|---|
| 001 | 000020942 | ||
| 003 | DO-SdBNP | ||
| 005 | 20250616133629.0 | ||
| 008 | 100824s1987 dr c 000 0 spa d | ||
| 040 |
_aDO-SdBNP _bspa _cBNPHU |
||
| 082 |
_a972.93054 _bL191p |
||
| 100 | 1 |
_aLajara Burgos, Luis Homero, _d1920- _943871 |
|
| 245 | 1 | 0 |
_a¿Por qué se produjo la revolución del 24 de abril del año 1965? / _cLuis Homero Lajara Burgos. |
| 260 |
_aSanto Domingo : _bTaller, _c1987. |
||
| 300 |
_a333 p. : _bretrs. ; _c23 cm. |
||
| 590 | _aInventariado, 2019/MFF | ||
| 650 | 4 |
_aRepública dominicana _xHistoria _yRevolución, 1965 _943872 |
|
| 910 | _aValidado. Control de calidad MMOLINA | ||
| 942 |
_2ddc _cLBS1 |
||
| 999 |
_c20445 _d20445 |
||